Obstetric anesthesia handbook /

Bibliographic Details
Main Author: Datta, Sanjay
Corporate Author: SpringerLink (Online service)
Format: eBook
Language:English
Published: New York ; London : Springer, 2005.
Edition:4th ed.
Subjects:
Online Access:Connect to the full text of this electronic book

MARC

Tag First Indicator Second Indicator Subfields
LEADER 00000cam a2200000Ia 4500
001 in00002472016
005 20210727085059.0
006 m d
007 cr cn|||||||||
008 081017s2005 nyua sb 001 0 eng d
020 |a 0387315292 
020 |a 9780387315294 
035 |a (OCoLC)262687452 
035 |a (OCoLC)ocn262687452 
035 |a 3071431 
037 |a 978-0-387-26075-4  |b Springer  |n http://www.springerlink.com 
040 |a GW5XE  |b eng  |c GW5XE  |d UtOrBLW 
049 |a TEFA 
050 1 4 |a RG732  |b .D38 2005eb 
082 0 4 |a 617.9682  |2 22 
100 1 |a Datta, Sanjay.  |0 http://id.loc.gov/authorities/names/n85279102 
245 1 0 |a Obstetric anesthesia handbook /  |c Sanjay Datta. 
250 |a 4th ed. 
264 1 |a New York ;  |a London :  |b Springer,  |c 2005. 
300 |a vii, 409 pages :  |b illustrations ;  |c 21 cm. 
336 |a text  |b txt  |2 rdacontent 
337 |a computer  |b c  |2 rdamedia 
338 |a online resource  |b cr  |2 rdacarrier 
500 |a Electronic resource. 
500 |a Previous edition: Philadelphia, Pa.: Hanley & Belfus, 2000. 
504 |a Includes bibliographical references and index. 
533 |a Electronic reproduction.  |b New York :  |c Springer,  |d 2008.  |n Mode of access: World Wide Web.  |n System requirements: Web browser.  |n Title from title screen (viewed on Oct. 10, 2008).  |n Access may be restricted to users at subscribing institutions. 
650 0 |a Anesthesia in obstetrics.  |0 http://id.loc.gov/authorities/subjects/sh85004962 
655 7 |a Electronic books.  |2 local 
710 2 |a SpringerLink (Online service)  |0 http://id.loc.gov/authorities/names/no2005046756 
776 1 |c Original  |z 0387260757  |z 9780387260754  |w (OCoLC)61756764 
856 4 0 |u http://proxy.library.tamu.edu/login?url=https://dx.doi.org/10.1007/0-387-31529-2  |z Connect to the full text of this electronic book  |t 0 
994 |a C0  |b TEF 
999 |a MARS 
999 f f |s dedbd2bd-5a6e-3ce4-98df-d52b0e807bfb  |i c081d57b-c386-3435-8232-8ce6fb151cb7  |t 0 
952 f f |a Texas A&M University  |b College Station  |c Electronic Resources  |d Available Online  |t 0  |e RG732 .D38 2005eb  |h Library of Congress classification 
998 f f |a RG732 .D38 2005eb  |t 0  |l Available Online